A dictionary of Islam; (Record no. 69141)

MARC details
000 -LEADER
fixed length control field 00744cam a22002171 4500
001 - CONTROL NUMBER
control field sa 66003866
003 - CONTROL NUMBER IDENTIFIER
control field DLC
005 - DATE AND TIME OF LATEST TRANSACTION
control field 20260227112239.0
008 - FIXED-LENGTH DATA ELEMENTS--GENERAL INFORMATION
fixed length control field 761006s1965 pk a d 001 0 mul
010 ## - LIBRARY OF CONGRESS CONTROL NUMBER
LC control number sa 66003866
035 ## - SYSTEM CONTROL NUMBER
System control number (OCoLC)2484916
040 ## - CATALOGING SOURCE
Original cataloging agency DLC
Transcribing agency NcRS
Modifying agency DLC
042 ## - AUTHENTICATION CODE
Authentication code premarc
050 00 - LIBRARY OF CONGRESS CALL NUMBER
Classification number BP40
Item number .H8 1965
082 ## - DEWEY DECIMAL CLASSIFICATION NUMBER
Classification number 297.03
100 1# - MAIN ENTRY--PERSONAL NAME
Personal name Hughes, Thomas Patrick,
Dates associated with a name 1838-1911.
245 12 - TITLE STATEMENT
Title A dictionary of Islam;
Remainder of title being a cyclopaedia of the doctrines, rites, ceremonies and customs, together with the technical and theological terms of the Muhammadan religion.
Statement of responsibility, etc. Rev. by eminent scholars.
260 ## - PUBLICATION, DISTRIBUTION, ETC.
Place of publication, distribution, etc. Lahore,
Name of publisher, distributor, etc. Premier Book House,
Date of publication, distribution, etc. 1965.
300 ## - PHYSICAL DESCRIPTION
Extent v, 750 p.
Other physical details illus.
Dimensions 25 cm.
650 #0 - SUBJECT ADDED ENTRY--TOPICAL TERM
Topical term or geographic name entry element Islam
Form subdivision Dictionaries.

No items available.

Powered by Koha